000 00896nam a22002657a 4500
001 1517
005 20231002084844.0
020 _a9789924341017
040 _aFISKH
_beng
_cFISKH
_dFISKH
082 _a708
100 _aChheang, Sun Heng Meng
245 _aPromenade au Musee national du Cambodge
_cOuvrage collectif, rédigé sous la direction de Sun Heng Meng Chheang et Marie Caillat
260 _aPhnom Phen :
_bSipar,
_c2020
300 _a48 pages :
_c21 cm
490 _3je voudrais savoir
505 _aU
520 _aThis book provides a broad overview of Cambodian history and the main features and attractions at the National Museum of Cambodia.
521 _a1000
_bLexile
521 _aU
_bRaz-Plus
650 _2Museums
700 _aVelychko, Katerina
_ctranslator
700 _aCaillat, Marie
_cauthor
700 _aCollins, Daryl
_cproofreader
942 _2ddc
_cBK
_n0
999 _c1517
_d1517